HAROLD LASKI ( 1893-1950 ). (Record no. 1270130)

MARC details
000 -LEADER
fixed length control field 00463nam a2200181Ia 4500
008 - FIXED-LENGTH DATA ELEMENTS--GENERAL INFORMATION
fixed length control field 151202s9999||||xx |||||||||||||| ||und||
082 ## - DEWEY DECIMAL CLASSIFICATION NUMBER
Item number PNVM-4132
100 ## - MAIN ENTRY--PERSONAL NAME
Personal name MARTIN KINGSLEY.
245 ## - TITLE STATEMENT
Title HAROLD LASKI ( 1893-1950 ).
260 ## - PUBLICATION, DISTRIBUTION, ETC. (IMPRINT)
Name of publisher, distributor, etc VICTOR GOLLANCZ LTD.
260 ## - PUBLICATION, DISTRIBUTION, ETC. (IMPRINT)
Date of publication, distribution, etc 0
300 ## - PHYSICAL DESCRIPTION
Extent 0
600 ## - SUBJECT ADDED ENTRY--PERSONAL NAME
Personal name MARTIN KINGSLEY.
630 ## - SUBJECT ADDED ENTRY--UNIFORM TITLE
Uniform title HAROLD LASKI ( 1893-1950 ).
700 ## - ADDED ENTRY--PERSONAL NAME
Personal name MARTIN KINGSLEY.
730 ## - ADDED ENTRY--UNIFORM TITLE
Uniform title HAROLD LASKI ( 1893-1950 ).
942 ## - ADDED ENTRY ELEMENTS (KOHA)
Koha item type Book
Holdings
Withdrawn status Lost status Damaged status Not for loan Home library Current library Date acquired Cost, normal purchase price Total Checkouts Full call number Barcode Date last seen Cost, replacement price Price effective from Koha item type
        Pune Nagar Vachan Mandir, Pune Pune Nagar Vachan Mandir, Pune 06/21/2015 0.00   PNVM-4132 PNVM-4132 12/02/2015 0.00 12/02/2015 Book